Quiz à la con : 8 mots dans mots (mort subite) - Statistiques

Statistiques générales
  • Ce quiz a été pris 458 fois
  • Le résultat moyen est 6 sur 8
Answers on the Grid
Answers color-coded by a green-red scale on the quiz's grid according to % correct below.
Ana---da
Pros---ter
Cir---spect
Menu---er
Bra---ner
Bro---teur
Ci----cis
Plom---ie
Bal---net
Méc---ceté
Cir---flexe
Em---sser
Cir---férence
Mani---ateur
Etran---ment
Co---ut
 
Statistiques - réponses
Réponse % Correct
Ana---da
94%
Cir---férence
84%
Cir---flexe
81%
Cir---spect
80%
Bra---ner
78%
Bal---net
71%
Co---ut
69%
Ci----cis
63%
Aucun quiz correspondant
Distribution des résultats
% des personnes avec chaque résultat
Percentile par nombre de réponses
Votre historique - résultats
Vous n’avez pas pris ce quiz